00373nam a2200109Ia 4500008004100000050002500041100003300066245004600099260008600145300002000231521001200251140724s9999 xx 000 0 und d aG 155.A1b.Ec18 2013 aEchauz, Jamelyn Mejilende S. aPassfolio /cJamelyn Mejilende S. Echauz. aLas Piñas, Philippines :bSouthville International School and Colleges,cc2013. a33 p. :c28 cm. aTourism